[Event "Wiesbaden op 31st"]
[Site "Wiesbaden"]
[Date "2019.08.25"]
[Round "7"]
[White "Scheerer, Julian"]
[Black "Jakesevic, Ivan"]
[Result "1/2-1/2"]
[WhiteElo "1400"]
[BlackElo "1712"]
[PlyCount "87"]
[EventDate "2019.08.22"]
[EventType "swiss"]
[EventRounds "7"]
[EventCountry "GER"]
[SourceTitle "EXT 2020"]
[Source "ChessBase"]
[SourceDate "2019.10.17"]
[SourceVersion "1"]
[SourceVersionDate "2019.10.17"]
[SourceQuality "1"]

1. e4 d6 2. d4 Nf6 3. Nc3 g6 4. h3 Bg7 5. Be3 Nbd7 6. Nf3 0-0 7. Bc4 e5 8. 0-0 Re8 9. Re1 c6 10. a3 Qc7 11. Qd3 exd4 12. Bxd4 Ne5 13. Nxe5 dxe5 14. Be3 Be6 15. Bxe6 Rxe6 16. Rad1 Re7 17. Qe2 b6 18. Rd3 Rd8 19. Red1 Red7 20. R1d2 Rxd3 21. Rxd3 Rxd3 22. Qxd3 Qd7 23. Qxd7 Nxd7 24. Kf1 Kf8 25. Ke2 Ke7 26. Kd3 Kd6 27. b4 a6 28. Na4 b5 29. Nc5 Nxc5+ 30. Bxc5+ Ke6 31. c4 f5 32. f3 Bf6 33. cxb5 cxb5 34. Bf2 Bg5 35. Kc2 h5 36. g4 fxg4 37. fxg4 hxg4 38. hxg4 Kf7 39. Kd1 Kg7 40. Kc2 Kh6 41. Kd1 Bd8 42. Be3+ Bg5 43. Bf2 Bf4 44. Bh4 1/2-1/2

[Event "Frankfurt-chA"]
[Site "Frankfurt"]
[Date "2019.05.20"]
[Round "4"]
[White "Klikic, Drazen"]
[Black "Jakesevic, Ivan"]
[Result "0-1"]
[WhiteElo "1488"]
[BlackElo "1640"]
[PlyCount "81"]
[EventDate "2019.04.29"]
[EventType "swiss"]
[EventRounds "7"]
[EventCountry "GER"]
[SourceTitle "EXT 2020"]
[Source "ChessBase"]
[SourceDate "2019.10.17"]
[SourceVersion "1"]
[SourceVersionDate "2019.10.17"]
[SourceQuality "1"]

1. e4 d6 2. d4 Nf6 3. Nc3 g6 4. Be3 Bg7 5. Bd3 0-0 6. f3 Nbd7 7. Qd2 c5 8. Nge2 a6 9. a4 Qc7 10. h4 c4 11. Rc1 e5 12. Bh6 cxd3 13. cxd3 Qb6 14. h5 Bxh6 15. Qxh6 Nxh5 16. Rxh5 gxh5 17. Qg5+ Kh8 18. Nd5 Qd8 19. Qxh5 Nf6 20. Qh6 Nxd5 21. exd5 f6 22. dxe5 dxe5 23. Rc4 Bf5 24. Ng3 Bxd3 25. Nh5 Rf7 26. Rh4 Bg6 27. Ng3 Qxd5 28. Qxg6 Rg8 29. Rxh7+ Rxh7 30. Qxf6+ Rgg7 31. Nf5 Qf7 32. Qxe5 Rh5 33. g4 Rxf5 34. Qb8+ Rg8 35. Qh2+ Qh7 36. Qxh7+ Kxh7 37. gxf5 Rf8 38. Kf2 Rxf5 39. Ke3 Kg6 40. f4 Rf8 41. Kf3 0-1

[Event "Wiesbaden op 30th"]
[Site "Wiesbaden"]
[Date "2018.08.26"]
[Round "6"]
[White "Jakesevic, Ivan"]
[Black "Menning, Uwe"]
[Result "1-0"]
[WhiteElo "1623"]
[BlackElo "2047"]
[PlyCount "109"]
[EventDate "2018.08.23"]
[EventType "swiss"]
[EventRounds "7"]
[EventCountry "GER"]
[SourceTitle "CBM 186 Extra"]
[Source "ChessBase"]
[SourceDate "2018.08.24"]
[SourceVersion "1"]
[SourceVersionDate "2018.08.24"]
[SourceQuality "1"]

1. Nf3 d5 2. d4 Nf6 3. Bf4 c6 4. e3 Bg4 5. Nbd2 Nbd7 6. Bd3 e6 7. h3 Bh5 8. 0-0 Be7 9. c4 0-0 10. Qb3 Qb6 11. Qxb6 axb6 12. a3 dxc4 13. Nxc4 b5 14. Nce5 Nb6 15. g4 Bg6 16. Bxg6 hxg6 17. Nd3 Nfd5 18. Bg3 Nc4 19. Rfc1 Ra6 20. Rc2 Rfa8 21. Rac1 Ncb6 22. Nc5 Bxc5 23. dxc5 Nd7 24. Bd6 N7f6 25. Ne5 b4 26. Nc4 Ne4 27. Kg2 Nxd6 28. Nxd6 bxa3 29. bxa3 Rxa3 30. Rb2 Ra2 31. Rcb1 R8a5 32. Nxb7 Rxb2 33. Rxb2 Rb5 34. Rxb5 cxb5 35. Kf3 Kf8 36. Ke4 Ke7 37. Nd6 b4 38. Kd3 f5 39. Kc4 Kd7 40. Nb5 Nf6 41. gxf5 gxf5 42. Kxb4 Ne4 43. f4 Nf2 44. Nd4 Nd1 45. Nc2 Kc6 46. Kc4 Nb2+ 47. Kd4 Na4 48. Nb4+ Kb5 49. c6 Kxb4 50. c7 Nb6 51. Ke5 Kc5 52. Kxe6 Kc6 53. Kxf5 Kxc7 54. e4 Kd7 55. Kg6 1-0

[Event "Wiesbaden op 30th"]
[Site "Wiesbaden"]
[Date "2018.08.23"]
[Round "1"]
[White "Zimmer, Gerald"]
[Black "Jakesevic, Ivan"]
[Result "1/2-1/2"]
[WhiteElo "2001"]
[BlackElo "1623"]
[PlyCount "84"]
[EventDate "2018.08.23"]
[EventType "swiss"]
[EventRounds "7"]
[EventCountry "GER"]
[SourceTitle "CBM 186 Extra"]
[Source "ChessBase"]
[SourceDate "2018.08.24"]
[SourceVersion "1"]
[SourceVersionDate "2018.08.24"]
[SourceQuality "1"]

1. d4 Nf6 2. Nf3 g6 3. b3 Bg7 4. Bb2 0-0 5. g3 d6 6. Bg2 Bg4 7. 0-0 Qd7 8. Ng5 c6 9. Nd2 Na6 10. f3 h6 11. Nge4 Bh3 12. Bxh3 Qxh3 13. Nf2 Qd7 14. e4 c5 15. Nd3 Rac8 16. c4 Nh7 17. d5 e6 18. Bxg7 Kxg7 19. f4 exd5 20. exd5 Nf6 21. Qf3 Qf5 22. Rfe1 Rfe8 23. Kg2 Nc7 24. h3 h5 25. Rxe8 Rxe8 26. Re1 Rxe1 27. Nxe1 b5 28. Qd3 Qxd3 29. Nxd3 b4 30. Kf3 Nce8 31. Nf2 Nh7 32. g4 f5 33. Kg3 Nef6 34. Nf3 hxg4 35. hxg4 fxg4 36. Ng5 Nxg5 37. fxg5 Ne8 38. Kxg4 Kf7 39. Nd3 a6 40. Nf2 Nc7 41. Ne4 Ne8 42. Kf4 Ke7 1/2-1/2

[Event "Wiesbaden op 29th"]
[Site "Wiesbaden"]
[Date "2017.08.27"]
[Round "7"]
[White "Rupp, Arnim"]
[Black "Jakesevic, Ivan"]
[Result "1/2-1/2"]
[WhiteElo "1704"]
[BlackElo "1615"]
[PlyCount "56"]
[EventDate "2017.08.24"]
[EventType "swiss"]
[EventRounds "7"]
[EventCountry "GER"]
[SourceTitle "CBM 180 Extra"]
[Source "ChessBase"]
[SourceDate "2017.10.06"]
[SourceVersion "1"]
[SourceVersionDate "2017.10.06"]
[SourceQuality "1"]

1. e4 d6 2. d4 Nf6 3. Nc3 g6 4. Nf3 Bg7 5. Bg5 Nbd7 6. Bc4 0-0 7. 0-0 e5 8. d5 Nb6 9. Bb3 Bg4 10. h3 Bxf3 11. Qxf3 Qe7 12. Rfe1 Rfd8 13. Na4 Nbd7 14. c4 Rac8 15. Rac1 c6 16. Qe3 c5 17. Nc3 a6 18. Ba4 Nb6 19. Bb3 Ra8 20. Na4 Nbd7 21. Bd1 Rdb8 22. Bg4 b5 23. Nc3 bxc4 24. Re2 Nb6 25. Rec2 Nxg4 26. hxg4 f6 27. Bh4 g5 28. Bg3 Qd7 1/2-1/2

[Event "Wiesbaden op 28th"]
[Site "Wiesbaden"]
[Date "2016.08.26"]
[Round "3"]
[White "Klinke, Roland"]
[Black "Jakesevic, Ivan"]
[Result "0-1"]
[WhiteElo "1438"]
[BlackElo "1633"]
[PlyCount "56"]
[EventDate "2016.08.25"]
[EventType "swiss"]
[EventRounds "7"]
[EventCountry "GER"]
[SourceTitle "CBM 174 Extra"]
[Source "ChessBase"]
[SourceDate "2016.10.10"]
[SourceVersion "1"]
[SourceVersionDate "2016.10.10"]
[SourceQuality "1"]

1. d4 Nf6 2. c4 d6 3. Nf3 g6 4. g3 Bg7 5. Bg2 0-0 6. 0-0 Bg4 7. h3 Bf5 8. Nc3 Re8 9. Qb3 Qc8 10. Kh2 Nbd7 11. Nh4 c6 12. Nxf5 gxf5 13. Bf4 e5 14. dxe5 Nxe5 15. Rfd1 Qc7 16. Rd2 Rad8 17. Rad1 Rd7 18. Bxe5 dxe5 19. e3 Red8 20. Rxd7 Rxd7 21. Rxd7 Qxd7 22. Qc2 e4 23. h4 Ng4+ 24. Kg1 a6 25. c5 h5 26. b4 Kh7 27. Ne2 Qd3 28. Qxd3 exd3 0-1

[Event "Wiesbaden op 28th"]
[Site "Wiesbaden"]
[Date "2016.08.25"]
[Round "1"]
[White "Berberich, Christoph"]
[Black "Jakesevic, Ivan"]
[Result "1-0"]
[WhiteElo "2026"]
[BlackElo "1633"]
[PlyCount "65"]
[EventDate "2016.08.25"]
[EventType "swiss"]
[EventRounds "7"]
[EventCountry "GER"]
[SourceTitle "CBM 174 Extra"]
[Source "ChessBase"]
[SourceDate "2016.10.10"]
[SourceVersion "1"]
[SourceVersionDate "2016.10.10"]
[SourceQuality "1"]

1. d4 Nf6 2. Nf3 d6 3. c4 g6 4. Nc3 Bg7 5. e4 0-0 6. Be2 Bg4 7. Be3 Nc6 8. d5 Bxf3 9. Bxf3 Ne5 10. Be2 a6 11. f4 Ned7 12. 0-0 e6 13. Qd2 Re8 14. dxe6 Rxe6 15. Bf3 Qe8 16. Qc2 Rc8 17. Rae1 Bh6 18. g4 Bg7 19. Qg2 h6 20. g5 hxg5 21. fxg5 Nh7 22. Bg4 Re7 23. Nd5 Rxe4 24. Bxd7 Qxd7 25. Qxe4 Re8 26. Qf3 Bxb2 27. Nf6+ Bxf6 28. gxf6 Re6 29. Bd4 Rxe1 30. Rxe1 Ng5 31. Qg3 Nh7 32. Qh4 Qd8 33. Qh6 1-0

[Event "Wiesbaden op 27th"]
[Site "Wiesbaden"]
[Date "2015.08.29"]
[Round "4"]
[White "Jakesevic, Ivan"]
[Black "Krischak, Werner"]
[Result "1-0"]
[WhiteElo "1606"]
[BlackElo "1796"]
[PlyCount "101"]
[EventDate "2015.08.27"]
[EventType "swiss"]
[EventRounds "7"]
[EventCountry "GER"]
[SourceTitle "EXT 2016"]
[Source "ChessBase"]
[SourceDate "2015.10.08"]
[SourceVersion "1"]
[SourceVersionDate "2015.10.08"]
[SourceQuality "1"]

1. d4 d5 2. c4 c6 3. e3 Nf6 4. Nc3 e6 5. Nf3 Nbd7 6. Bd3 dxc4 7. Bxc4 b5 8. Bd3 Bb7 9. 0-0 a6 10. b3 Be7 11. Bb2 0-0 12. h3 Rc8 13. Ne4 Nd5 14. Rc1 Qb6 15. Qe2 h6 16. Rfd1 f5 17. Nc3 c5 18. Nxd5 exd5 19. dxc5 Bxc5 20. Nd4 Bxd4 21. Bxd4 Qe6 22. Qf3 Qf7 23. Rxc8 Bxc8 24. Rc1 Nf6 25. Bxf5 Bxf5 26. Qxf5 Qb7 27. Qe6+ Kh8 28. Bxf6 Rxf6 29. Qc8+ Qxc8 30. Rxc8+ Kh7 31. Rc5 Rd6 32. Kf1 Kg6 33. Ke2 Kf6 34. Kd3 Ke5 35. f4+ Ke6 36. Kd4 g5 37. f5+ Kf6 38. Rxd5 Rc6 39. e4 Rc2 40. Rd6+ Kg7 41. Rxa6 Rxg2 42. Ke5 Rh2 43. Ke6 Rxh3 44. f6+ Kg6 45. Ra7 Re3 46. Rg7+ Kh5 47. e5 g4 48. f7 Rf3 49. Ke7 Kh4 50. f8Q Rxf8 51. Kxf8 1-0

[Event "Wiesbaden op 27th"]
[Site "Wiesbaden"]
[Date "2015.08.27"]
[Round "1"]
[White "Kolker, Vladislav"]
[Black "Jakesevic, Ivan"]
[Result "1-0"]
[WhiteElo "2021"]
[BlackElo "1606"]
[PlyCount "84"]
[EventDate "2015.08.27"]
[EventType "swiss"]
[EventRounds "7"]
[EventCountry "GER"]
[SourceTitle "EXT 2016"]
[Source "ChessBase"]
[SourceDate "2015.10.08"]
[SourceVersion "1"]
[SourceVersionDate "2015.10.08"]
[SourceQuality "1"]

1. e4 c5 2. Nf3 Nf6 3. Nc3 Nc6 4. d4 e6 5. e5 Ng8 6. dxc5 Bxc5 7. Ne4 Be7 8. Nd6+ Bxd6 9. Qxd6 Qe7 10. Qd3 Qc5 11. Qe2 Nge7 12. c3 Ng6 13. Be3 Qa5 14. b4 Qc7 15. Qc4 Ngxe5 16. Nxe5 Qxe5 17. Be2 d5 18. Qb3 a6 19. Rd1 0-0 20. 0-0 Rd8 21. Bb6 Rd7 22. Rfe1 Qf6 23. Bf3 Ne7 24. Bd4 Qg5 25. g3 Nf5 26. Bxd5 h6 27. Bg2 Rb8 28. Ba7 Ra8 29. Bb6 Qg4 30. h3 Qg5 31. a4 Rxd1 32. Rxd1 Qe7 33. Rd8+ Kh7 34. Qc4 Nd6 35. Qc5 Nf5 36. Rxc8 Rxc8 37. Qxc8 Nd6 38. Qc7 Qxc7 39. Bxc7 Nc4 40. Bxb7 Nb2 41. a5 Nd1 42. c4 Nb2 1-0

[Event "Wiesbaden op 26th"]
[Site "Wiesbaden"]
[Date "2014.08.31"]
[Round "7"]
[White "Martin, Lukas"]
[Black "Jakesevic, Ivan"]
[Result "1-0"]
[WhiteElo "1374"]
[BlackElo "1107"]
[PlyCount "117"]
[EventDate "2014.08.28"]
[EventType "swiss"]
[EventRounds "7"]
[EventCountry "GER"]
[SourceTitle "CBM 162 Extra"]
[Source "ChessBase"]
[SourceDate "2014.10.17"]
[SourceVersion "1"]
[SourceVersionDate "2014.10.17"]
[SourceQuality "1"]

1. d4 d6 2. c4 b6 3. Nc3 a6 4. Nf3 e6 5. e4 Bb7 6. Bd3 Nd7 7. 0-0 g6 8. Bg5 Ne7 9. Re1 Bg7 10. d5 e5 11. b4 0-0 12. Ne2 h6 13. Be3 Kh7 14. Ng3 Ng8 15. Qe2 Ndf6 16. Rec1 Ng4 17. c5 Nxe3 18. Qxe3 bxc5 19. bxc5 c6 20. Rab1 Rb8 21. dxc6 Bxc6 22. Rxb8 Qxb8 23. Bxa6 Qa7 24. Bc4 dxc5 25. Bb3 Ba4 26. Qxc5 Qxc5 27. Rxc5 Bxb3 28. axb3 Rb8 29. Nd2 h5 30. Rc3 Rd8 31. Rc2 Bh6 32. Nc4 h4 33. Nf1 Rc8 34. Rb2 Bg7 35. Nd6 Rc7 36. Ne8 Rb7 37. Nxg7 Kxg7 38. b4 Rb5 39. Ne3 Ne7 40. Nc2 Nc6 41. f3 f6 42. Kf2 Kf7 43. Ke3 Ke6 44. Kd3 Kd6 45. Kc3 f5 46. Na3 Rb8 47. b5 Nd4 48. Nc4+ Ke6 49. b6 Nc6 50. Rd2 Nd4 51. f4 Nb5+ 52. Kb4 Nd4 53. fxe5 Nc6+ 54. Kc5 Ne7 55. Rd6+ Kf7 56. Rf6+ Ke8 57. Nd6+ Kd7 58. e6+ Kd8 59. Rf8# 1-0

[Event "Wiesbaden op 26th"]
[Site "Wiesbaden"]
[Date "2014.08.29"]
[Round "3"]
[White "Roth, Michael"]
[Black "Jakesevic, Ivan"]
[Result "0-1"]
[WhiteElo "1600"]
[BlackElo "1107"]
[PlyCount "102"]
[EventDate "2014.08.28"]
[EventType "swiss"]
[EventRounds "7"]
[EventCountry "GER"]
[SourceTitle "CBM 162 Extra"]
[Source "ChessBase"]
[SourceDate "2014.10.17"]
[SourceVersion "1"]
[SourceVersionDate "2014.10.17"]
[SourceQuality "1"]

1. e4 g6 2. Bc4 Bg7 3. Nf3 Nc6 4. c3 e6 5. d4 b6 6. d5 exd5 7. exd5 Ne5 8. Bb3 Nxf3+ 9. Qxf3 Bb7 10. Be3 Nf6 11. Nd2 0-0 12. 0-0-0 a5 13. Bg5 a4 14. Bxf6 Bxf6 15. Bc2 Bg7 16. h4 Qf6 17. Qd3 Qxf2 18. Nf3 Qxg2 19. Rdg1 Qf2 20. h5 Ba6 21. c4 c6 22. Ng5 Qf4+ 23. Kb1 Bxc4 24. Qh3 Qf6 25. Qa3 Bxd5 26. Rh2 h6 27. Ne4 Bxe4 28. Bxe4 gxh5 29. Rhg2 Rae8 30. Rxg7+ Qxg7 31. Rxg7+ Kxg7 32. Qxa4 f5 33. Qd4+ Kg6 34. Bf3 Re1+ 35. Kc2 Rfe8 36. Qh4 R8e3 37. Qxh5+ Kf6 38. Qxh6+ Ke5 39. Qh2+ f4 40. Qh5+ Kd4 41. Qg4 Kc5 42. Qxf4 d5 43. a3 d4 44. Qf8+ Re7 45. Qc8 R1e6 46. b4+ Kc4 47. Qa6+ b5 48. Bg4 Rg6 49. Bf3 Re3 50. Bxc6 d3+ 51. Kd2 Re2+ 0-1

[Event "Hessen-ch U14"]
[Site "Bad Homburg"]
[Date "2014.04.18"]
[Round "7"]
[White "Jakesevic, Ivan"]
[Black "Ruhl, Moritz"]
[Result "0-1"]
[WhiteElo "1140"]
[BlackElo "1429"]
[PlyCount "90"]
[EventDate "2014.04.??"]
[EventType "swiss"]
[EventRounds "7"]
[EventCountry "GER"]
[SourceTitle "EXT 2022"]
[Source "ChessBase"]
[SourceDate "2021.10.06"]
[SourceVersion "1"]
[SourceVersionDate "2021.10.06"]
[SourceQuality "1"]

1. e3 d5 2. d3 c5 3. b3 e6 4. Bb2 d4 5. e4 Nc6 6. a3 Bd6 7. g3 Nge7 8. Bg2 0-0 9. Nd2 b5 10. Ngf3 Ng6 11. 0-0 a5 12. Kh1 a4 13. Re1 e5 14. Kg1 Be6 15. Rf1 Bc7 16. bxa4 Rxa4 17. Ng5 Qxg5 18. Nf3 Qd8 19. h3 Qc8 20. Kh2 f6 21. Ng1 Qa6 22. Qc1 Bd6 23. Ne2 Ra8 24. Qb1 c4 25. dxc4 bxc4 26. c3 d3 27. Nc1 Bxa3 28. Bxa3 Rxa3 29. Rxa3 Qxa3 30. Qb7 Qa6 31. Qxa6 Rxa6 32. Rd1 Ra3 33. Rd2 Rxc3 34. Na2 Rc2 35. Rxc2 dxc2 36. f4 exf4 37. gxf4 Nxf4 38. Nc1 Nd4 39. Bf1 Nb3 40. Nxb3 cxb3 41. Kg3 c1Q 42. Bg2 Nxh3 43. Bxh3 Qe3+ 44. Kg2 Bxh3+ 45. Kh2 Qf3 0-1

[Event "Wiesbaden op 25th"]
[Site "Wiesbaden"]
[Date "2013.08.25"]
[Round "6"]
[White "Jakesevic, Ivan"]
[Black "Viol, Lucius"]
[Result "1/2-1/2"]
[WhiteElo "1007"]
[BlackElo "957"]
[PlyCount "50"]
[EventDate "2013.08.22"]
[EventType "swiss"]
[EventRounds "7"]
[EventCountry "GER"]
[SourceTitle "CBM 156 Extra"]
[Source "ChessBase"]
[SourceDate "2013.10.22"]
[SourceVersion "1"]
[SourceVersionDate "2013.10.22"]
[SourceQuality "1"]

1. e3 Nf6 2. d3 d5 3. b3 c5 4. Nd2 e5 5. Bb2 Nc6 6. a3 Bg4 7. Ne2 Bd6 8. g3 0-0 9. Bg2 Bc7 10. 0-0 Qd7 11. Rb1 a5 12. a4 Rfe8 13. Qe1 Re7 14. Ba3 b6 15. Kh1 Nb4 16. Bxb4 cxb4 17. Ng1 Qc6 18. Rc1 Qe6 19. Bf3 Bxf3+ 20. Ngxf3 h6 21. Kg2 Rae8 22. Ng1 Bd6 23. Qe2 Bc5 24. Rcd1 Rc7 25. Rc1 Nd7 1/2-1/2

[Event "Wiesbaden op 25th"]
[Site "Wiesbaden"]
[Date "2013.08.24"]
[Round "4"]
[White "Triantafillidis, Simeon"]
[Black "Jakesevic, Ivan"]
[Result "1-0"]
[WhiteElo "1371"]
[BlackElo "1007"]
[PlyCount "73"]
[EventDate "2013.08.22"]
[EventType "swiss"]
[EventRounds "7"]
[EventCountry "GER"]
[SourceTitle "EXT 2014"]
[Source "ChessBase"]
[SourceDate "2013.11.20"]
[SourceVersion "1"]
[SourceVersionDate "2013.11.20"]
[SourceQuality "1"]

1. e4 a6 2. d4 d6 3. Nc3 e6 4. Nf3 Nd7 5. Bf4 g6 6. Bc4 b5 7. Bb3 Bb7 8. a3 Bg7 9. 0-0 Ne7 10. Qd2 0-0 11. Rfe1 Nb6 12. Bh6 Rb8 13. Bxg7 Kxg7 14. Qf4 Ng8 15. Rad1 Nd7 16. Re3 Qf6 17. Qg3 Qe7 18. Nd2 Nb6 19. Qh3 Bc8 20. e5 d5 21. Rf3 Bb7 22. Rf4 c6 23. Rh4 h6 24. f4 a5 25. Rf1 Nd7 26. Rf3 a4 27. Ba2 Rbc8 28. Rg3 Ba6 29. f5 exf5 30. Nf3 Rb8 31. Ng5 Nb6 32. Ne2 Bc8 33. Nf4 Nc4 34. Nf3 Be6 35. Nh5+ Kh8 36. Nf6 f4 37. Rxh6+ 1-0

[Event "Wiesbaden op 25th"]
[Site "Wiesbaden"]
[Date "2013.08.22"]
[Round "1"]
[White "Jakesevic, Ivan"]
[Black "Lenz, Jonas"]
[Result "0-1"]
[WhiteElo "1007"]
[BlackElo "1930"]
[PlyCount "40"]
[EventDate "2013.08.22"]
[EventType "swiss"]
[EventRounds "7"]
[EventCountry "GER"]
[SourceTitle "EXT 2014"]
[Source "ChessBase"]
[SourceDate "2013.11.20"]
[SourceVersion "1"]
[SourceVersionDate "2013.11.20"]
[SourceQuality "1"]

1. e3 Nf6 2. d3 e5 3. a3 d5 4. b3 c5 5. Bb2 Nc6 6. Nd2 Bd6 7. g3 Bg4 8. Ne2 Qd7 9. Bg2 Bh3 10. 0-0 h5 11. Nf3 0-0-0 12. Ng5 Bxg2 13. Kxg2 h4 14. Ng1 Rh5 15. N5f3 Rdh8 16. gxh4 e4 17. Bxf6 exf3+ 18. Qxf3 gxf6 19. Qxf6 Rxh4 20. Kf3 Qg4# 0-1

[Event "Hessen-ch U12"]
[Site "Bad Homburg"]
[Date "2013.??.??"]
[Round "1"]
[White "Jakesevic, Ivan"]
[Black "Bajorski, Marius"]
[Result "1/2-1/2"]
[WhiteElo "804"]
[BlackElo "1157"]
[PlyCount "103"]
[EventDate "2013.03.??"]
[EventType "swiss"]
[EventRounds "9"]
[EventCountry "GER"]
[SourceTitle "EXT 2014"]
[Source "ChessBase"]
[SourceDate "2013.11.20"]
[SourceVersion "1"]
[SourceVersionDate "2013.11.20"]
[SourceQuality "1"]

1. e3 e5 2. d3 Nc6 3. Nd2 Nf6 4. g3 d5 5. Bg2 Bd7 6. Ne2 Bc5 7. a3 0-0 8. 0-0 d4 9. e4 Bg4 10. b4 Bb6 11. Bb2 Qd7 12. Nc4 Bh3 13. Nxb6 axb6 14. Nc1 b5 15. Nb3 b6 16. Nd2 Bxg2 17. Kxg2 Qe6 18. Nf3 Ne7 19. Ng5 Qg4 20. Qxg4 Nxg4 21. Nf3 Rfc8 22. Nd2 c5 23. bxc5 bxc5 24. Rac1 Ra4 25. c4 dxc3 26. Rxc3 b4 27. axb4 cxb4 28. Rxc8+ Nxc8 29. h3 Nf6 30. Bxe5 Ra5 31. Bxf6 gxf6 32. Rb1 Rb5 33. Nb3 Nd6 34. Nd4 Rb6 35. Nf5 Nxf5 36. exf5 Kg7 37. g4 Kh6 38. h4 Kg7 39. Kg3 b3 40. d4 b2 41. f3 Rb4 42. d5 Kf8 43. g5 fxg5 44. hxg5 Ke7 45. f4 Kd6 46. Kg4 Kxd5 47. Kh5 Rxf4 48. Rxb2 Rxf5 49. Kh6 Ke6 50. Rg2 f6 51. gxf6 Rxf6+ 52. Kxh7 1/2-1/2

[Event "Hessen-ch U12"]
[Site "Bad Homburg"]
[Date "2013.??.??"]
[Round "5"]
[White "Jakesevic, Ivan"]
[Black "Dorn, Noah"]
[Result "1-0"]
[WhiteElo "804"]
[BlackElo "779"]
[PlyCount "75"]
[EventDate "2013.03.??"]
[EventType "swiss"]
[EventRounds "9"]
[EventCountry "GER"]
[SourceTitle "EXT 2014"]
[Source "ChessBase"]
[SourceDate "2013.11.20"]
[SourceVersion "1"]
[SourceVersionDate "2013.11.20"]
[SourceQuality "1"]

1. e3 e5 2. d3 Nc6 3. Nd2 Nf6 4. a3 Bc5 5. Ne2 0-0 6. g3 d6 7. Bg2 Bg4 8. 0-0 Bxe2 9. Qxe2 Re8 10. b3 Na5 11. b4 Bb6 12. bxa5 Bxa5 13. Ne4 Bc3 14. Nxc3 Qd7 15. Nd5 Nxd5 16. Bxd5 c6 17. Be4 h6 18. Bg2 Re6 19. Bh3 Qe7 20. Bxe6 Qxe6 21. Bb2 Re8 22. d4 c5 23. dxe5 dxe5 24. Qb5 Qc6 25. Qxc6 bxc6 26. Rad1 f6 27. Rd7 a6 28. Rc7 Rd8 29. Rxc6 Rd2 30. Rxc5 Rd7 31. Rc8+ Kh7 32. Ra8 Rd6 33. c4 Rc6 34. c5 Rxc5 35. Rxa6 Rd5 36. a4 Rd2 37. Bc1 Rd7 38. Ra8 1-0

[Event "Hessen-ch U12"]
[Site "Bad Homburg"]
[Date "2013.??.??"]
[Round "7"]
[White "Jakesevic, Ivan"]
[Black "Kroemer, Alexander"]
[Result "1/2-1/2"]
[WhiteElo "804"]
[BlackElo "1123"]
[PlyCount "53"]
[EventDate "2013.03.??"]
[EventType "swiss"]
[EventRounds "9"]
[EventCountry "GER"]
[SourceTitle "EXT 2014"]
[Source "ChessBase"]
[SourceDate "2013.11.20"]
[SourceVersion "1"]
[SourceVersionDate "2013.11.20"]
[SourceQuality "1"]

1. e3 d5 2. d3 Nc6 3. Nd2 e5 4. a3 Bd6 5. Ne2 Nf6 6. g3 Be6 7. Bg2 Qd7 8. 0-0 g5 9. Nf3 Rg8 10. Nd2 h5 11. c4 dxc4 12. Nxc4 h4 13. Nxd6+ cxd6 14. Nc3 hxg3 15. fxg3 Ng4 16. Ne4 d5 17. Nf6+ Nxf6 18. Rxf6 Rh8 19. Bd2 Bh3 20. Qe2 Ke7 21. Raf1 Raf8 22. b3 Bxg2 23. Qxg2 Rhg8 24. Rxc6 bxc6 25. Bb4+ Ke8 26. Bxf8 Kxf8 27. b4 1/2-1/2